000 00469nam a2200169 4500
001 112419
003 ES-MaACL
005 20231229062531.0
007 t|
008 061121s1958 sp r ||||1| spa d
100 1 _aOrtega y Gasset, José,
_d1883-1955
_987503
245 1 0 _aPrólogo para alemanes /
_cJosé Ortega y Gasset.
260 _aMadrid :
_bTaurus,
_c1958.
300 _a85 p. ;
_c19 cm.
852 _aES-MaACL
_jC-20250
_bR.47401
999 _c112419
_d112419